[Event "Asian Zonal 3.2 2019"]
[Site "Dhaka"]
[Date "2019.03.21"]
[Round "7.6"]
[White "Rahman, Syed Mahfuzur"]
[Black "Shawket Bin, Osman Shaon"]
[Result "1/2-1/2"]
[WhiteElo "2202"]
[BlackElo "2111"]
[Annotator "TA"]
[PlyCount "122"]
[EventDate "2019.03.14"]
[EventType "swiss"]
[EventCountry "BAN"]
[SourceTitle "playchess.com"]
[Source "ChessBase"]
[SourceQuality "1"]

{[%evp 11,122,26,49,28,56,54,57,45,55,24,37,10,49,0,0,0,0,-31,-29,-46,-25,-66,-75,-102,-69,-106,-112,-107,-58,-55,-37,-255,3,30,101,97,133,50,33,22,24,18,27,0,12,0,0,0,0,0,0,0,0,-3,-8,-68,-42,-42,-42,-42,-42,-42,-10,-32,0,-45,0,0,0,0,0,0,0,0,0,0,0,0,0,0,0,0,0,0,0,0,0,0,0,0,0,0,0,0,0,0,0,0,0,0,0,0,0,0,0,0,0,0,0,0,0,0,0]} 1. d4 d5 2. c4 e6 3. Nc3 Nf6 4. Bg5 Nbd7 5. e3 c6 6. Nf3 Bd6 7. Be2 {D52: Queen's Gambit Declined: Cambridge Springs Variation} dxc4 8. Bxc4 b5 9. Bd3 {White is slightly better.} a6 10. e4 e5 11. O-O O-O (11... h6 $5 {[%cal Rh6g5]} 12. Bxf6 Qxf6 $11) 12. Rc1 Re8 $146 ({Predecessor:} 12... Bb7 13. a4 h6 14. Bh4 exd4 15. Nxd4 Bf4 16. Rc2 Ne5 17. Bxf6 Qxd4 18. Bxe5 Bxe5 19. axb5 axb5 20. Qe2 Rfd8 21. Rd1 b4 22. Bc4 bxc3 {0-1 (22) Malaniuk,V (2522)-Krysztofiak,M (2414) Police 2007}) 13. Kh1 h6 14. Bh4 exd4 15. Nxd4 Bf4 $36 {[%mdl 2048] Black fights for an advantage.} 16. Rc2 Ne5 17. Nce2 Bg5 18. Bxg5 hxg5 19. f3 Qd6 20. Rd2 $1 Rd8 {White must now prevent ...c5.} 21. Qc2 $2 (21. Bb1 $15 Nc4 22. e5 Nxe5 23. Qc1) 21... Nxd3 $2 (21... c5 $19 22. f4 gxf4) 22. Rxd3 $11 Bb7 (22... c5 $11) 23. Rfd1 $16 {[#] Strongly threatening Nxc6.} Qc7 24. b4 ({White should play} 24. Qc5 $16) 24... Nd7 $1 $14 25. Nb3 {Hoping for Qd2.} Ne5 26. Rd4 Rxd4 27. Nexd4 Rd8 28. Nf5 Bc8 29. Rxd8+ Qxd8 30. Nfd4 Qd6 31. Qc5 Qf6 32. Kg1 g4 33. Nd2 ({Better is} 33. fxg4 $11 Bxg4 34. h3) 33... Qf4 34. Qc3 gxf3 35. N4xf3 Nxf3+ 36. gxf3 Qg5+ 37. Kf2 Bh3 38. Qd4 Qg2+ 39. Ke3 $1 {The position is equal.} Qg1+ 40. Kd3 Qxh2 41. Qd8+ Kh7 42. Qh4+ Kg6 43. Kc2 Qg2 44. f4 f5 45. e5 Bg4 {...Qd5 is the strong threat.} 46. Qd8 {White wants to play e6.} Bf3 47. e6 Be4+ $1 48. Kc1 {[#] Threatening mate with e7.} Qg1+ 49. Kb2 {e7 would kill now.} Bd5 {Threatens to win with ...Qd4+.} 50. e7 Qd4+ 51. Kc2 Be4+ $1 52. Kd1 Qg1+ 53. Ke2 Qg2+ 54. Ke3 Qg1+ 55. Ke2 Qg2+ 56. Ke1 Qg3+ 57. Ke2 Qg2+ 58. Ke3 Qg1+ 59. Ke2 Qg2+ 60. Ke1 Qg3+ 61. Ke2 Qg2+ {Accuracy: White = 42%, Black = 65%.} 1/2-1/2

[Event "Asian Zonal 3.2 2019"]
[Site "Dhaka"]
[Date "2019.03.21"]
[Round "7.7"]
[White "Chowdhury, Sohel"]
[Black "Rahman, Taibur"]
[Result "1-0"]
[WhiteElo "1975"]
[BlackElo "2226"]
[Annotator "TA"]
[PlyCount "81"]
[EventDate "2019.03.14"]
[EventType "swiss"]
[EventCountry "BAN"]
[SourceTitle "playchess.com"]
[Source "ChessBase"]
[SourceQuality "1"]

{[%evp 10,81,-2,-29,-25,-33,-31,-41,-33,-41,-35,-27,-19,-28,-12,-28,-8,-56,-35,-68,-43,-72,-49,-78,-54,-83,-25,-48,0,2,0,-22,-12,-13,87,87,88,73,189,181,183,192,198,191,215,203,218,200,200,206,203,202,167,127,565,376,348,216,288,214,300,297,785,806,29989,1088,1035,1046,1035,989,1977,1816,29990,29991]} 1. e4 c5 2. Nc3 Nc6 3. g3 Nf6 4. Bg2 e6 5. d3 d5 6. Nge2 d4 {B24: Closed Sicilian: 3 g3 sidelines} (6... dxe4 7. dxe4 Qxd1+ 8. Nxd1 Nb4 9. Ne3 Ng4 10. Nxg4 Nxc2+ 11. Kd1 Nxa1 12. Nc3 Bd7 13. Ne5 b5 14. Nxd7 {1-0 (50) Vokac,M (2451)-Navara,D (2646) Pardubice 2008}) 7. Nb1 {[%cal Bc3b1,Bb1d2,Bd2f3][%mdl 32]} e5 8. O-O Be7 {Black is slightly better.} 9. h3 O-O 10. f4 b5 11. Nd2 Ne8 $146 ({Predecessor:} 11... Bb7 12. f5 Rc8 13. g4 Nd7 14. Nf3 c4 15. Ng3 cxd3 16. cxd3 {1-0 (43) Tobar,J-Huezo,A San Salvador 2003}) 12. Nf3 f6 13. f5 c4 14. g4 Nd6 15. Ng3 Bd7 16. Bd2 Rc8 17. Rf2 Nf7 (17... b4 $17) 18. Bf1 $11 Nb4 {[%cal Bc6b4,Bb4a6,Ba6c5][%mdl 32]} 19. a3 Na6 20. h4 h6 21. Rg2 cxd3 (21... Qb6 $11) 22. cxd3 $16 Nc5 23. Nh5 Rc6 (23... Be8 $16) 24. Rc1 $18 a5 25. b4 axb4 26. axb4 Na4 27. Rxc6 Bxc6 {[#]} 28. g5 $1 {[%mdl 512]} hxg5 (28... fxg5 29. Qb3) 29. hxg5 fxg5 30. Qb3 $1 {[%csl LRe5,LRg5]} Kh8 31. Rh2 {Intending Qxf7! and mate.} Nh6 $2 {[%mdl 8192]} (31... Kg8 $16 {is tougher.} 32. Rg2 (32. Nxe5 Bd6 $14) 32... Kh8) 32. Nxe5 Be8 33. Be1 ({Stronger than} 33. Nxg7 Kxg7 34. Rg2 Kh7 $15) 33... Bd6 34. Bg3 Kh7 (34... Qe7 $142) 35. Qe6 Qe7 $2 {[#]} (35... Bxh5 36. Rxh5 Rf6) 36. Nxg7 $1 {[%mdl 512]} Qxg7 37. Qxd6 (37. Ng4 $142 Bxg3 38. Rxh6+ Qxh6 39. Qxh6+ Kg8 40. f6 Rxf6 41. Nxf6+ Kf7 42. Nd5) 37... Rf6 38. Qxd4 Kg8 39. Qd8 Rf8 40. Qd5+ Nf7 41. Ng6 {Accuracy: White = 63%, Black = 25%.} 1-0

[Event "Asian Zonal 3.2 2019"]
[Site "Dhaka"]
[Date "2019.03.21"]
[Round "7.8"]
[White "Swarnavo Choudhury"]
[Black "S M Sharon"]
[Result "0-1"]
[WhiteElo "1721"]
[BlackElo "2106"]
[Annotator "TA"]
[PlyCount "60"]
[EventDate "2019.03.14"]
[EventType "swiss"]
[EventCountry "BAN"]
[SourceTitle "playchess.com"]
[Source "ChessBase"]
[SourceQuality "1"]

{[%evp 9,60,-18,-7,-8,0,-28,0,-50,10,2,37,30,52,-7,-8,-4,10,-67,-12,-100,-119,-117,-21,-39,-25,-22,62,50,58,67,83,72,77,-18,-9,-118,-52,-330,-341,-506,-501,-500,-478,-576,-553,-1397,-1367,-29990,-29991,-29992,-29993,-29994,-29994]} 1. d4 g6 2. Nf3 Bg7 3. Bf4 d6 4. e3 Nd7 5. Nbd2 e5 6. Bg3 {A41: 1 d4 d6: Tartakower System and Modern Defence} Ne7 7. c3 O-O 8. Be2 {The position is equal.} h6 (8... Nf5 $15) 9. h3 $146 ({Predecessor:} 9. dxe5 dxe5 10. Nc4 Nc6 11. O-O Qe7 12. Qb3 Kh7 13. Qa3 Re8 14. Qxe7 Rxe7 {1-0 (43) Burmakin,V (2558)-Karlsson,J (2160) Lund 2015}) 9... Kh8 10. O-O f5 11. e4 (11. dxe5 $14 Nxe5 12. Nxe5 dxe5 13. Nf3) 11... f4 12. Bh2 Nc6 {[%cal Re5d4]} 13. Bb5 (13. d5 $11 Ne7 14. Qc2) 13... g5 (13... exd4 $15 14. Bxc6 bxc6 15. Nxd4 Ne5) 14. Qa4 (14. d5 $11 {keeps the balance.} Ne7 15. Be2) 14... h5 $17 15. Bxc6 Nb6 (15... bxc6 $17 16. dxe5 (16. Qxc6 Nb6 $17) 16... g4 17. hxg4 (17. Qxc6 gxf3 18. Nxf3 Nb6 $17) 17... hxg4 18. Qxc6 Nb6 19. exd6 gxf3 20. Nxf3 Qxd6 21. Qxd6 cxd6) 16. Qa5 {[%cal Rd4e5]} bxc6 17. dxe5 d5 (17... c5 $11) 18. Qc5 g4 19. hxg4 hxg4 20. Nd4 Qg5 21. Nxc6 ({White should play} 21. exd5 $16 {Rae1 is the strong threat.} cxd5 22. e6 (22. Qxc7 Bxe5 23. Qc5 Qf6 $15)) 21... Ba6 $11 {Black wants to play ...g3.} 22. Qe7 (22. Rfe1 $11 {remains equal.}) 22... Qh6 (22... Qh5 $17 23. Rfe1 (23. Qxc7 dxe4 24. Nxe4 Bxf1 $15) 23... Rae8) 23. Nd4 $2 {[%mdl 8192] [#]} ({White has to play} 23. exd5 $15 Nxd5 24. Qc5) 23... Rae8 $19 24. Qa3 (24. Qc5 $142 dxe4 25. Rfe1) 24... Bxf1 25. Nxf1 dxe4 26. Qxa7 Bxe5 {Hoping for ...g3!} 27. Re1 {[#]} e3 $1 {[%mdl 512]} 28. Nxe3 (28. fxe3 Qh4) 28... fxe3 {Black mates.} 29. Bxe5+ Rxe5 30. fxe3 Rh5 {Accuracy: White = 11%, Black = 42%.} 0-1

[Event "Asian Zonal 3.2 2019"]
[Site "Dhaka"]
[Date "2019.03.22"]
[Round "8.1"]
[White "Mohammad Fahad, Rahman"]
[Black "Mollah Abdullah, Al Rakib"]
[Result "1-0"]
[WhiteElo "2278"]
[BlackElo "2460"]
[Annotator "TA"]
[PlyCount "81"]
[EventDate "2019.03.14"]
[EventType "swiss"]
[EventCountry "BAN"]
[SourceTitle "playchess.com"]
[Source "ChessBase"]
[SourceQuality "1"]

{[%evp 24,81,22,6,30,14,43,28,96,0,0,0,0,0,0,0,0,0,0,0,0,-22,-22,-5,81,71,70,69,65,68,224,0,37,28,25,8,0,0,0,0,101,-8,-11,-17,-36,-33,0,0,52,51,1053,1063,1063,1054,29991,0,755,731,985,971]} 1. e4 e5 2. Nf3 Nc6 3. Bb5 a6 4. Ba4 Nf6 5. O-O Be7 6. Bxc6 dxc6 7. d3 Nd7 8. Nbd2 O-O 9. Nc4 f6 10. Nh4 Nc5 11. Nf5 Bxf5 12. exf5 Qd7 13. Qg4 Kh8 {C85: Closed Ruy Lopez: Deferred Exchange Variation} (13... b5 14. Na5 Bd6 15. h3 Kh8 16. b3 Rae8 17. Re1 Rg8 18. Kf1 g6 19. fxg6 Ne6 20. Qf3 Rxg6 21. Nxc6 {1-0 (49) Wilczek,T (2570)-Brookes,J (2560) ICCF email 2008}) 14. Re1 a5 $146 ({Predecessor:} 14... b5 15. Ne3 Nb7 16. b3 Bc5 17. Bb2 Rad8 18. Rad1 Rfe8 19. Nf1 Nd6 20. Ng3 g6 21. d4 Bxd4 22. Bxd4 exd4 23. Qxd4 {1-0 (58) Bulmaga,I (2417)-Kosmas Lekkas,D (2142) Thessaloniki 2018}) 15. Bd2 Rg8 (15... a4 $11) 16. Bc3 ({But not} 16. Nxa5 $6 g6 $11) ({White should play} 16. Qh5 $16) 16... b5 $1 $11 {[%cal Rb5c4]} 17. Nxa5 Na4 18. Bd2 $1 Nxb2 19. Re4 $40 {[%mdl 128] White is up to no good.} g6 20. fxg6 {[%mdl 64] Discovered Attack} Qxg4 $1 21. Rxg4 {Rb1 is the strong threat.} Ra6 22. Rb1 {Black must now prevent g7+!} Na4 23. d4 exd4 {[#]} (23... Rxg6 $11 24. Rh4 f5) 24. Re1 $1 $16 {[%cal Re1e7]} Bf8 25. Rxd4 hxg6 26. Re6 Bd6 $2 {[#]} (26... Bc5 $14 27. Rd7 (27. Rxc6 Rxc6 28. Rh4+ Kg7 $11) 27... Bxf2+ 28. Kxf2 Nc5) 27. Rxf6 $2 (27. Nb7 $1 $18 Ba3 28. Nd8 (28. Rxf6 Bb2 $14)) 27... Kg7 (27... c5 $5 {[%cal Rc5d4]} 28. Rh4+ Kg7 $16) 28. Rf3 c5 29. Rh4 {Threatening mate with Bh6+.} Rd8 30. Bh6+ Kg8 31. Nb7 $1 {[%cal Rb7d8]} Re8 (31... Be7 $11 32. Nxd8 Bxh4 33. Rf8+ Kh7) 32. Be3 (32. g3 $16) 32... Bf8 $11 33. Rfh3 {Strongly threatening Rh8+.} Bg7 34. g4 Rc6 {[%mdl 1024] Black has compensation.} 35. g5 c4 (35... Re5 $11) 36. Bd4 $14 Bf8 $2 {[%mdl 8192]} (36... Bxd4 $14 37. Rxd4 Re5) 37. Rh8+ $18 Kf7 38. R8h7+ Kg8 39. Rh8+ (39. Rd7 $142 Re7 40. Nd8 Rg7 41. Bxg7 Bxg7 42. Nxc6 Bf8 43. Rxc7 Nb6 44. Rch7) 39... Kf7 40. Rf3+ Ke7 41. Rh7+ {Accuracy: White = 66%, Black = 34%.} 1-0

[Event "Asian Zonal 3.2 2019"]
[Site "Dhaka"]
[Date "2019.03.22"]
[Round "8.2"]
[White "Hossain, Enamul"]
[Black "Mohammad Minhaz Uddin"]
[Result "1-0"]
[WhiteElo "2438"]
[BlackElo "2279"]
[Annotator "TA"]
[PlyCount "65"]
[EventDate "2019.03.14"]
[EventType "swiss"]
[EventCountry "BAN"]
[SourceTitle "playchess.com"]
[Source "ChessBase"]
[SourceQuality "1"]

{[%evp 15,65,28,34,31,27,27,45,41,73,45,141,144,125,142,147,135,141,101,149,158,169,163,161,125,122,137,248,245,241,241,273,285,364,357,389,402,387,402,403,399,396,394,394,393,1038,1020,993,980,876,418,418,376]} 1. e4 e5 2. Nf3 Nf6 3. Nxe5 d6 4. Nf3 Nxe4 5. Nc3 Nxc3 6. dxc3 Be7 7. Be3 Nc6 8. Qd2 Be6 9. O-O-O {C42: Petroff Defence: 3 Nxe5 and unusual White 3rd moves} Qd7 ({Avoid the trap} 9... Bxa2 $2 10. b3 $18) 10. a3 O-O-O (10... a6 11. h4 Bf6 12. Ng5 O-O-O 13. Nxe6 fxe6 14. g3 d5 15. Bh3 Kb8 16. Rhe1 Rhe8 {0-1 (35) Vachier Lagrave,M (2780)-Duda,J (2738) chess.com INT 2019}) 11. Nd4 {White is slightly better.} Nxd4 $146 ({Predecessor:} 11... a6 12. Nxe6 Qxe6 13. Qd5 Qxd5 14. Rxd5 Bf6 15. g4 Ne7 16. Rd3 h6 {½-½ (77) Plenca,J (2337)-Doric,N (2290) Rijeka 2014}) 12. Bxd4 c5 ({Black should try} 12... Rdg8 $14) 13. Bxg7 $16 Rhg8 14. Bh6 d5 15. Bf4 Qa4 16. Qe3 Rd7 17. g3 Rgd8 18. Be2 c4 19. Qd4 Bf5 {[%csl Gf5][%cal Ra4c2] [#]} 20. Bd3 $1 {[%cal Rd3f5][%mdl 576] Pin} Be6 (20... Bxd3 $16 21. cxd3 b6) (20... cxd3 21. Qxa4) 21. Bxh7 $40 {[%mdl 128] White wants a kill.} b6 22. Be5 Bc5 23. Qf4 d4 24. Bxd4 (24. cxd4 Be7 $18) 24... Bxd4 25. Rxd4 ({Not} 25. cxd4 c3 $16) 25... Rxd4 26. cxd4 c3 27. bxc3 Qc6 28. Rd1 ({But not} 28. Qe4 Qxc3 29. Qa8+ Kd7 $18) 28... Qxc3 29. Rd3 Qe1+ $2 (29... Qc7 30. Qf6 Rd6) 30. Kb2 Rd5 31. Rc3+ Kd7 32. Qc7+ (32. Bd3 $142) 32... Ke8 33. Qb8+ {Accuracy: White = 80%, Black = 28%.} 1-0

[Event "Asian Zonal 3.2 2019"]
[Site "Dhaka"]
[Date "2019.03.22"]
[Round "8.3"]
[White "Rahman, Ziaur"]
[Black "Reefat, Bin-Sattar"]
[Result "0-1"]
[WhiteElo "2489"]
[BlackElo "2419"]
[Annotator "TA"]
[PlyCount "122"]
[EventDate "2019.03.14"]
[EventType "swiss"]
[EventCountry "BAN"]
[SourceTitle "playchess.com"]
[Source "ChessBase"]
[SourceQuality "1"]

{[%evp 9,122,20,25,11,16,0,18,20,10,7,19,10,24,0,0,0,0,0,3,7,31,21,30,19,32,18,35,14,22,37,45,-11,-8,-53,-43,-141,-139,-145,-135,-133,-142,-138,-133,-241,-226,-219,-244,-298,-216,-216,-226,-223,-218,-224,-192,-200,-209,-224,-222,-229,-229,-224,-209,-219,-210,-224,-219,-311,-297,-301,-358,-334,-334,-423,-423,-485,-478,-459,-477,-475,-462,-535,-512,-668,-670,-645,-634,-598,-609,-580,-498,-439,-415,-400,-290,-523,-520,-515,-509,-466,-497,-583,-575,-687,-671,-656,-636,-839,-607,-29984,-29985,-29985,-29986,-29996,-29997]} 1. Nf3 d5 2. g3 Nc6 3. d4 Bf5 4. Bg2 Nb4 5. Na3 {[%cal Bb1a3,Ba3c2,Bc2e1,Be1d3,Bd3e5][%mdl 32]} e6 6. c3 {D02: 1 d4 d5 2 Nf3 sidelines, including 2...Nf6 3 g3 and 2...Nf6 3 Bf4} Nc6 7. b3 h6 8. O-O {The position is equal.} Nf6 9. Bb2 Be7 10. Nc2 O-O $146 ({Predecessor:} 10... Be4 11. Ne3 O-O 12. Re1 a5 13. a4 Bd6 14. Bf1 {0-1 (41) Saric,I (2669)-Van Foreest,J (2629) Riadh 2017}) 11. Nce1 a5 12. a4 Qb8 13. Nd3 b5 14. Nde5 Qb6 15. axb5 Qxb5 16. c4 Qb7 17. Nxc6 Qxc6 18. Ba3 Bb4 19. Ne5 Qb6 20. c5 (20. Bxb4 $14 axb4 21. cxd5 exd5 22. Rc1) 20... Qb5 $11 21. e3 Ne4 $1 22. Bb2 ({Better is} 22. Bxe4 $15 Bxe4 23. c6) 22... f6 $17 23. Nf3 Bc3 24. Bxc3 Nxc3 25. Qd2 Qxb3 26. Nh4 {[#]} (26. Rfc1 $17 {keeps fighting.} Ne4 27. Qe1) 26... Qc2 $1 $19 {[%cal Rc2d2]} 27. Qxc2 Bxc2 28. f4 g5 29. Nf3 a4 30. Ra3 Nb5 31. Ra2 Bb3 32. Raa1 Bc4 33. Rfc1 a3 34. f5 c6 (34... exf5 35. Nd2 $15) 35. fxe6 Rfe8 36. Bh3 Bd3 37. Ne1 Bg6 38. Nc2 (38. Bf1 $142) 38... Ra4 39. Bf1 a2 ({Less strong is} 39... Rxe6 40. Bxb5 cxb5 41. Nxa3 $17) 40. Ne1 Rb8 ({Don't play} 40... Rxe6 41. Bxb5 cxb5 42. Rc3 $19) 41. Nd3 Nc7 42. Rd1 Rb3 43. Be2 Raa3 44. Nc1 Rb2 45. Bd3 Be4 46. Bxe4 dxe4 47. Nxa2 Raxa2 48. Rxa2 Rxa2 {[%mdl 4096] Endgame KRN-KR} 49. Rb1 Nxe6 50. Rb6 Kf7 51. Rxc6 Rd2 52. Rd6 $2 (52. g4) 52... Ke7 53. Ra6 g4 54. Ra7+ Kd8 55. Rf7 Ng5 56. Rxf6 Nf3+ 57. Kf1 h5 58. Rf5 Rxh2 {[#] Hoping for ...h4.} 59. d5 h4 {Black mates.} 60. Rf8+ Ke7 61. Rg8 hxg3 {Accuracy: White = 47%, Black = 86%.} 0-1

[Event "Asian Zonal 3.2 2019"]
[Site "Dhaka"]
[Date "2019.03.22"]
[Round "8.4"]
[White "Thilakarathne, G M H"]
[Black "Chowdhury, Sohel"]
[Result "1-0"]
[WhiteElo "2417"]
[BlackElo "1975"]
[Annotator "TA"]
[PlyCount "96"]
[EventDate "2019.03.14"]
[EventType "swiss"]
[EventCountry "BAN"]
[SourceTitle "playchess.com"]
[Source "ChessBase"]
[SourceQuality "1"]

{[%evp 14,96,60,71,66,77,85,68,98,79,98,83,75,84,156,156,156,156,156,164,194,179,176,179,178,171,179,173,165,170,175,165,205,199,200,189,200,200,206,193,213,183,173,184,197,188,204,204,204,198,197,184,204,204,200,185,193,177,339,331,424,406,662,635,710,658,715,1812,1894,1782,1831,1539,3509,2924,29987,29988,29988,29989,29989,29990,29990,29990,29993,29993,29994]} 1. e4 c6 2. d4 d5 3. e5 Bf5 4. Nf3 e6 5. Be2 c5 6. Be3 Nc6 7. dxc5 {B12: Caro-Kann: Advance Variation} Qc7 (7... Nge7 8. c3 Ng6 9. Qa4 Be7 10. Nbd2 h5 11. O-O Kf8 12. b4 Ncxe5 13. h3 Nxf3+ 14. Nxf3 Be4 {1-0 (27) Ni,H (2674)-Lan,Z (2357) China 2017}) 8. c3 {LiveBook: 3 Games} Bg4 9. Nbd2 {[%cal Bb1d2,Bd2f3,Bf3d4][%mdl 32] White is slightly better.} Nge7 10. Qa4 Bxf3 11. Nxf3 (11. gxf3 $6 Nf5 $11) 11... Ng6 $146 ({Predecessor:} 11... Nf5 12. Bd4 Be7 13. Bb5 O-O 14. Bxc6 bxc6 {1-0 (51) Klenburg,M (2366)-Block,W (2101) Eilat 2012}) 12. Nd4 Ngxe5 13. Bf4 $36 {[%mdl 2048] White is in control.} Nd3+ (13... Rc8 $142) 14. Bxd3 $16 Qxf4 15. Bb5 Rc8 16. Qxa7 ({But not} 16. Bxc6+ bxc6 17. Qxa7 Qe5+ 18. Kf1 g6 $14) ({Stronger than} 16. Nxc6 Qxa4 17. Bxa4 bxc6 $11) 16... Qe5+ 17. Kd1 Qc7 18. b4 Be7 19. a4 e5 20. Bxc6+ bxc6 21. Qxc7 Rxc7 22. Nf5 g6 23. Nxe7 Kxe7 $18 {[%mdl 4096] Endgame KRR-KRR} 24. Re1 Ke6 25. Kd2 Rb8 26. Kd3 Rd7 27. Rab1 Ra7 28. a5 Rab7 29. Re2 f6 30. f4 e4+ 31. Ke3 Ra7 32. Ra1 Kf5 33. Rd2 Ke6 34. Ra4 f5 35. Kd4 Ra6 $2 {[#]} (35... Kd7 36. g3 Re8) 36. c4 Rd8 37. Ke3 Raa8 (37... g5 $142 38. b5 (38. fxg5 Ke5 $16) 38... Raa8) 38. b5 dxc4 39. b6 Rd3+ 40. Rxd3 exd3 {KR-KR} 41. b7 Rd8 {[#]} 42. Kd2 $1 Kd5 43. Rb4 Rb8 44. a6 {White mates.} Re8 45. b8=Q Re2+ 46. Kd1 Kd4 47. Qh8+ Kxc5 48. Qc3 Kd5 {Precision: White = 68%, Black = 34%.} 1-0

[Event "Asian Zonal 3.2 2019"]
[Site "Dhaka"]
[Date "2019.03.22"]
[Round "8.5"]
[White "S M Sharon"]
[Black "Mehdi Hasan Parag"]
[Result "0-1"]
[WhiteElo "2106"]
[BlackElo "2229"]
[Annotator "TA"]
[PlyCount "62"]
[EventDate "2019.03.14"]
[EventType "swiss"]
[EventCountry "BAN"]
[SourceTitle "playchess.com"]
[Source "ChessBase"]
[SourceQuality "1"]

{[%evp 9,62,16,10,7,17,0,0,0,5,7,0,-6,27,32,20,0,13,0,0,0,0,0,0,9,90,-27,0,0,0,-125,0,0,0,-141,0,-38,-41,-201,-192,-213,-138,-144,-154,-142,-129,-357,-349,-335,-332,-583,-562,-5133,-5036,-5010,-2660]} 1. d4 Nf6 2. Nf3 d5 3. e3 e6 4. Bd3 Be7 5. O-O c5 6. b3 {D05: Colle System with ...e6} b6 (6... O-O 7. Bb2 b6 8. dxc5 Bxc5 9. Nbd2 Bb7 10. Qe2 Nbd7 11. c4 dxc4 12. Nxc4 Qe7 13. a3 a5 14. Nd4 Rfd8 15. Rfd1 Rac8 16. Rac1 Nf8 17. Qe1 Ng6 18. Bf1 Ng4 19. Nb5 {0-1 (52) Carlsen,M (2853)-Karjakin,S (2769) New York 2016}) 7. Ne5 Bb7 8. Bb2 {The position is equal.} Nc6 9. Nd2 Qc7 10. a3 Nxe5 11. dxe5 Nd7 12. Qg4 O-O-O $146 ({Predecessor:} 12... g6 13. f4 O-O-O 14. Qe2 Nb8 15. Nf3 {1-0 (30) Lemanczyk,T (2160)-Henrichs,T (2445) Germany 1999}) 13. Qxg7 {[%mdl 64] Double Attack} Rdf8 $1 {Hoping for ...c4!} 14. Bxh7 Qd8 $1 15. f4 {Black must now prevent Nf3.} f5 16. Nf3 Nb8 (16... Bh4 $11) 17. Rad1 (17. Ng5 $16 Bxg5 18. fxg5) 17... Qe8 {aiming for ...Rf7.} 18. Bg6 $1 {[%cal Rg6e8]} Qd7 19. Bh7 {[#]} (19. e4 $11 {remains equal.} Rfg8 20. Qf7 fxe4 21. Bxe4) 19... Qe8 (19... Bd8 $1 $17 20. Qxd7+ Nxd7) 20. Bg6 $1 $11 {[%cal Rg6e8]} Qd7 21. Ng5 {[#]} (21. c4 $11) 21... Nc6 (21... Rhg8 $1 $17 {[%cal Rg8g7]} 22. Qh6 Bxg5 23. fxg5 (23. Qxg5 Qg7 $17) 23... Rh8) 22. c4 {cxd5 is the strong threat.} Rfg8 23. Bxf5 $2 ({But not} 23. Qf7 $2 Nd8 $19) ({Only move:} 23. Nxe6 $1 $15 Rxg7 24. Nxg7) 23... exf5 $19 ({Stronger than} 23... Rxg7 24. Bxe6 d4 25. Bxd7+ Kxd7 26. exd4 $16) 24. Rxd5 Qe8 25. Qf7 Qxf7 26. Nxf7 Rh7 $36 {[%mdl 2048] Black has strong initiative.} 27. Nd6+ $2 (27. e6 $17 {is a better defense.}) 27... Bxd6 $1 28. exd6 Na5 $1 {[%csl LRb3,LRd5][%mdl 64] Discovered Attack} 29. d7+ $2 (29. Rd2) 29... Rxd7 {Black is clearly winning.} 30. Rxd7 Rxg2+ {[%mdl 64] Double Attack} 31. Kh1 Kxd7 {Accuracy: White = 30%, Black = 46%.} 0-1

[Event "Asian Zonal 3.2 2019"]
[Site "Dhaka"]
[Date "2019.03.22"]
[Round "8.6"]
[White "Nayem, Haque"]
[Black "Rahman, Syed Mahfuzur"]
[Result "1/2-1/2"]
[WhiteElo "2000"]
[BlackElo "2202"]
[Annotator "TA"]
[PlyCount "93"]
[EventDate "2019.03.14"]
[EventType "swiss"]
[EventCountry "BAN"]
[SourceTitle "playchess.com"]
[Source "ChessBase"]
[SourceQuality "1"]

{[%evp 12,93,7,3,45,45,46,43,42,33,45,23,19,-9,-6,-8,0,-47,6,9,6,8,48,-35,5,-19,-18,-24,-27,-26,-27,-29,-17,-18,-46,-68,-68,-66,-64,-100,-100,-105,-105,-109,-101,-108,-92,-110,-93,-95,-93,-101,-98,-89,-89,-91,-55,-58,-45,-80,-84,-74,-48,-89,-91,-111,-109,-110,-80,-110,-109,-125,-70,-72,-70,-70,-70,-70,-70,-70,-42,-90,-90,-110]} 1. e4 c6 {[%cal Bc7c6,Bc6c5][%mdl 32]} 2. d4 d5 3. e5 c5 4. c3 Nc6 5. Nf3 Bg4 6. Be2 e6 {B12: Caro-Kann: Advance Variation} 7. Nbd2 {LiveBook: 3 Games} Qb6 {[%cal Rc5d4]} (7... Rc8 8. O-O a6 9. h3 Bh5 10. Re1 Bg6 11. Nf1 cxd4 12. Nxd4 Nxd4 13. Qxd4 Ne7 14. Bg5 {0-1 (36) Yuffa,D (2534)-Romanov,E (2619) Sochi 2016}) 8. dxc5 Bxc5 {White is slightly better.} 9. O-O Qc7 10. b4 Be7 11. Bb2 $146 ({Predecessor:} 11. Bb5 a6 12. Qa4 Kf8 13. Bxc6 bxc6 14. Ba3 Nh6 15. h3 Bxf3 16. Nxf3 {½-½ (32) Rollwitz,J (1987)-Badestein,H (2066) Berlin 2014}) 11... Nh6 12. a3 O-O 13. c4 Rfd8 14. b5 Na5 (14... Bxf3 $1 $15 15. Nxf3 dxc4) 15. cxd5 $11 Rxd5 16. Rc1 Qd7 {[#] And now ...Bxf3 would win.} (16... Qd8 $5 {[%cal Rg4f3]} 17. Bc3 Rc8 $11) 17. Qe1 (17. Bc3 $14 b6 18. h3) 17... Rd8 18. Bc3 (18. h3 $5 {[%cal Rh3g4]} Bf5 19. Bc3 $11) 18... b6 19. Bxa5 bxa5 20. Nc4 Rxb5 21. Nxa5 Rc5 22. Rxc5 Bxc5 23. Qc1 Qc7 24. Nb3 Bb6 25. Qb2 Nf5 26. a4 Bxf3 27. Bxf3 Nd4 28. Nxd4 Bxd4 29. Qb5 Bxe5 30. g3 Bd4 31. Rd1 {[#] Threatens to win with Rxd4!} e5 {[%cal Be6e5,Be5e4][%mdl 32]} 32. Kg2 Qc2 33. Rf1 e4 (33... g6 {is interesting.} 34. Bd5 Qf5 35. Qb7 Bb6 36. a5 Bxa5 37. Qxa7 Rxd5 38. Qa8+ Rd8) 34. Be2 h6 35. Qc4 Qxc4 36. Bxc4 $17 {[%mdl 4096] Endgame KRB-KRB} Kf8 37. g4 Bb6 38. Re1 Rd4 39. Bb5 g6 (39... Rb4 {looks sharper.} 40. Kg3 g6 41. h4 f5 42. h5 Rb3+) 40. Re2 Rb4 41. Rc2 Ke7 (41... e3 $17 42. f3 Kg7) 42. Rc4 $15 Rxc4 43. Bxc4 f5 44. gxf5 gxf5 45. f3 e3 46. Kf1 Bc7 47. h3 {Accuracy: White = 40%, Black = 62%.} 1/2-1/2